| 000 | 00370nam a22001577a 4500 | ||
|---|---|---|---|
| 003 | SGT | ||
| 020 | _a978-1-6324-2-275-0 | ||
| 082 |
_a616.89 _bM15D |
||
| 100 | _aDALVI, JOHN | ||
| 245 | _aMENTAL ILLNESSES THERAPY AND IMPLICATIONS | ||
| 250 | _a1ST | ||
| 260 |
_aNEW JERSEY _bFOSTER ACADEMIC PRESS _c2015 |
||
| 300 | _a218 | ||
| 650 | _aPSYCHIATRIC | ||
| 942 |
_2ddc _cBK |
||
| 999 |
_c19789 _d19789 |
||